000 00630nam a2200217Ii 4500
001 7029
003 CO-ViMGA
008 241108s9999||||xx |||||||||||||| ||und||
020 _a8482650122
040 _aCO-ViMGA
_bspa
_erda
_cCO-ViMGA
041 0 _aspa
084 _aC DOS1ni
100 1 _aFedor Dostoievski
_946738
245 1 0 _aNiétoschka nezvanova, Noches blancas
264 1 _aMadrid, España : Club Internacional del Libro, 1997
300 _avolumen
336 _atext
_btxt
_2rdacontent
337 _aunmediated
_bn
_2rdamedia
338 _avolume
_bnc
_2rdacarrier
940 _aidficha_siabuc: 6868. -- ficha_no_siabuc:7029
999 _c41308
_d41308